| 000 | 00564nam a22001457a 4500 | ||
|---|---|---|---|
| 003 | MACL | ||
| 005 | 20200722121053.0 | ||
| 008 | 200722b xxu||||| |||| 00| 0 eng d | ||
| 040 | _cMACL | ||
| 100 |
_aमिश्र,डॉ. अनिल कुमार _979126 |
||
| 245 | _a21 वीं सदी के महानायक प्रधानमंत्री नरेंद्र दामोदरदास मोदी | ||
| 260 |
_aदिल्ली _bगरिमा बुक्स _c2019 |
||
| 650 |
_aजीवनी _97943 |
||
| 942 |
_2ddc _cHIN |
||
| 999 |
_c62736 _d62736 |
||